00856nam a2200193Ia 4500001001300000003001000013005001700023008004100040040002500081041000700106100002100113245005800134260004600192300001100238500005000249520033700299650001500636654001100651a1368-33195 IT-MiCISF20260220111102.0161014s9999||||xx |||||||||||||| ||und|| aIT-MiCISFcIT-MiCISF ait aColombo Giuseppe 0aTrasgressioni adolescenziali e difficoltà educative aCinisello Balsamo (MI),bSan Paolo,c2001 app. 63 a / adolescenza, disadattamento, educazione /  aQuesto piccolo opuscolo vuole sollecitare un momento di dialogo all'interno delle famiglie sulle problematiche che un figlio adolescente pone ai genitori. Chi sono oggi i nostri adolescenti? Perché l'adolescenza è una stagione difficile? Il testo nasce dall'esperienza diretta dell'A. con alcuni "gruppi genitoriali di dialogo". aEducazione asaggio